| 000 | 00867nam a2200229 a 4500 | ||
|---|---|---|---|
| 999 |
_c11108 _d11108 |
||
| 001 | 11108 | ||
| 003 | BD-JhCC | ||
| 005 | 20190730101643.0 | ||
| 008 | 190630b20082012bg a|||| ||a| 000 0 ben d | ||
| 020 | _a9848519386 | ||
| 035 | _a(BD-JhCC)11108 | ||
| 040 |
_aBD-JhCC _dBD-JhCC |
||
| 041 | _aben | ||
| 082 |
_a809.04 _bNOB 2012 |
||
| 245 |
_aনোবেল-ভাষণ : বাক্ থেকে পামুক্ _bপাঁচ মহাদেশের দশ সাহিত্যরথী / _cসম্পাদনা হায়াৎ মামুন । |
||
| 260 |
_aঢাকা: _bইত্যাদি গ্রন্থ প্রকাশ; _c২০১২. |
||
| 300 |
_a১২৭ পৃঃ . : _bill; _c২২ সেমি. |
||
| 650 | _aNobel Prize winner | ||
| 700 | _aমামুন, হায়াৎ | ||
| 942 |
_2ddc _cBK |
||